000 00271nam a2200097Ia 4500
008 190216s9999||||xx |||||||||||||| ||und||
100 _aPrabhakara Varrier.K.M & Santha Augestien
245 0 _aAadhunika Bhasha Sasthram
260 _bKerala Bhasha Institute
942 _cBK
999 _c25442
_d25442